Catálogo
 En Linea

Historia de las teorías de la comunicación / (Registro nro. 21524)

Detalles MARC
000 -CABECERA
campo de control de longitud fija 00869nam a2200253 a 4500
001 - NÚMERO DE CONTROL
campo de control 000022026
005 - FECHA Y HORA DE LA ÚLTIMA TRANSACCIÓN
campo de control 20240501135122.0
008 - DATOS DE LONGITUD FIJA--INFORMACIÓN GENERAL
campo de control de longitud fija 100916s1997 sp 000 0 spa d
020 ## - NÚMERO INTERNACIONAL ESTÁNDAR DEL LIBRO
Número Internacional Estándar del Libro 8449303443
040 ## - FUENTE DE LA CATALOGACIÓN
Centro catalogador/agencia de origen DO-SdBNP
Lengua de catalogación spa
Centro/agencia transcriptor BNPHU
082 ## - NÚMERO DE LA CLASIFICACIÓN DECIMAL DEWEY
Número de clasificación 302.23
Número de documento/Ítem M623h
049 ## - FONDOS LOCALES (OCLC)
Fondos de biblioteca BNPD
100 1# - ENTRADA PRINCIPAL--NOMBRE DE PERSONA
Nombre de persona Michele Mattelart, Armand
9 (RLIN) 45665
245 10 - MENCIÓN DE TÍTULO
Título Historia de las teorías de la comunicación /
Mención de responsabilidad, etc. Armand y Michele Mattelart ; traducción Antonio López Ruiz, Fedra Egea.
260 ## - PUBLICACIÓN, DISTRIBUCIÓN, ETC.
Lugar de publicación, distribución, etc. Barcelona :
Nombre del editor, distribuidor, etc. Paidós,
Fecha de publicación, distribución, etc. 1997.
300 ## - DESCRIPCIÓN FÍSICA
Extensión 142 p. ;
Dimensiones 23 cm.
500 ## - NOTA GENERAL
Nota general Incluye índice de nombres
504 ## - NOTA DE BIBLIOGRAFÍA, ETC.
Nota de bibliografía, etc. Bibliografías : p. 127-138
586 ## - NOTA DE PREMIOS
Nota de premios Histoire des théories de la communication
650 #4 - PUNTO DE ACCESO ADICIONAL DE MATERIA--TÉRMINO DE MATERIA
Término de materia o nombre geográfico como elemento de entrada Medios de comunicacion de masas
9 (RLIN) 50
650 #0 - PUNTO DE ACCESO ADICIONAL DE MATERIA--TÉRMINO DE MATERIA
Término de materia o nombre geográfico como elemento de entrada Cultura popular
9 (RLIN) 12597
700 1# - PUNTO DE ACCESO ADICIONAL--NOMBRE DE PERSONA
Nombre de persona López Ruiz, Antonio
Término indicativo de función/relación trad.
9 (RLIN) 45666
700 1# - PUNTO DE ACCESO ADICIONAL--NOMBRE DE PERSONA
Nombre de persona Egea, Fedra
Término indicativo de función/relación trad.
9 (RLIN) 45667
Existencias
Estado de retiro Estado de pérdida Restricciones de uso No para préstamo Código de colección Localización permanente Ubicación/localización actual Ubicación en estantería Fecha de adquisición Número de inventario Total de préstamos Signatura topográfica completa Código de barras Fecha visto por última vez Precio válido a partir de Tipo de ítem Koha
      Excluido de préstamo Monografías: Libros y Folletos Patrimonio Dominicano Patrimonio Dominicano En catalogación 16.09.2010 LF1   302.23 M623h 22026-10 25.06.2020 25.06.2020 No se presta

Con tecnología Koha